| 000 | 00619cam a2200181 4500 | ||
|---|---|---|---|
| 001 | WB3523-24 | ||
| 008 | 000000n1999 000 0 eng u | ||
| 035 | _a(Sirsi) u102513 | ||
| 245 | _aUK's first "home zone". | ||
| 260 | _c1999 | ||
| 490 |
_aDETR News Release _v(571) 15 June 1999 (1) |
||
| 520 | _aA three-year study of 'home zones' - residential areas where streets are redesigned so that the needs of people rather than traffic is the priority has been launched by the government. | ||
| 650 | _aHOME ZONES | ||
| 650 | _aPEDESTRIANISATION | ||
| 650 | _aRESIDENTIAL AREAS | ||
| 690 | _aHOUSING | ||
| 942 | _n0 | ||
| 999 |
_c61522 _d61522 |
||